[Event "Heusenstamm Schloss op"]
[Site "Heusenstamm"]
[Date "2022.11.19"]
[Round "4"]
[White "Sever, Mustafa Batuhan"]
[Black "Martin, Reiner"]
[Result "1-0"]
[WhiteElo "2089"]
[BlackElo "1996"]
[PlyCount "95"]
[EventDate "2022.11.17"]
[EventType "swiss"]
[EventRounds "7"]
[EventCountry "GER"]
[SourceTitle "CBM 212 Extra"]
[Source "ChessBase"]
[SourceDate "2023.03.31"]
[SourceVersion "1"]
[SourceVersionDate "2023.03.31"]
[SourceQuality "1"]

1. e4 c5 2. Nf3 e6 3. d4 cxd4 4. Nxd4 a6 5. Bd3 Qc7 6. Qe2 d6 7. c4 Nf6 8. Nc3 Nbd7 9. Be3 b6 10. Rc1 Bb7 11. 0-0 g6 12. Rfd1 Rc8 13. f3 Bg7 14. Qf2 0-0 15. Nde2 Qc6 16. Nd4 Qc7 17. Nde2 Qc6 18. b3 Nc5 19. Bc2 Rfe8 20. b4 Ncd7 21. Bb3 Rb8 22. Na4 Ba8 23. b5 axb5 24. Nd4 Qb7 25. Nxb5 Red8 26. Rxd6 Bf8 27. Rd3 Ne5 28. Rxd8 Rxd8 29. Qe2 Nxe4 30. fxe4 Qxe4 31. Nbc3 Qh4 32. Bxb6 Ng4 33. h3 Qg5 34. Bxd8 Qxc1+ 35. Nd1 Nh6 36. Qe3 Qb1 37. Nac3 Qf5 38. Bb6 Qh5 39. Ne4 Qe5 40. Ng3 Qd6 41. Nc3 Qc6 42. Qf2 Bd6 43. Nce4 Be5 44. Bd4 Bxd4 45. Qxd4 f5 46. Qd8+ Kg7 47. Qf6+ Kg8 48. c5 1-0

[Event "Rhein Main op-A 22nd"]
[Site "Bad Homburg"]
[Date "2019.06.22"]
[Round "5"]
[White "Martin, Reiner"]
[Black "Korolev, Alexandr"]
[Result "0-1"]
[WhiteElo "1979"]
[BlackElo "2143"]
[PlyCount "48"]
[EventDate "2019.06.19"]
[EventType "swiss"]
[EventRounds "9"]
[EventCountry "GER"]
[SourceTitle "EXT 2020"]
[Source "ChessBase"]
[SourceDate "2019.10.17"]
[SourceVersion "1"]
[SourceVersionDate "2019.10.17"]
[SourceQuality "1"]

1. d4 Nf6 2. c4 g6 3. Nc3 d5 4. Nf3 Bg7 5. Qb3 c6 6. Bg5 dxc4 7. Qxc4 0-0 8. e4 b5 9. Qd3 b4 10. Ne2 Nbd7 11. Rc1 Qb6 12. e5 Nd5 13. Nf4 Nxf4 14. Bxf4 Bb7 15. Be2 e6 16. 0-0 Rac8 17. Ng5 c5 18. dxc5 Nxc5 19. Qh3 h6 20. Nf3 Bxf3 21. Bxf3 Nd3 22. Rxc8 Rxc8 23. Bxh6 Nxf2 24. Rxf2 Rc2 0-1

[Event "Wiesbaden op 30th"]
[Site "Wiesbaden"]
[Date "2018.08.26"]
[Round "6"]
[White "Martin, Reiner"]
[Black "Hipler, Andreas"]
[Result "1-0"]
[WhiteElo "2006"]
[BlackElo "1852"]
[PlyCount "73"]
[EventDate "2018.08.23"]
[EventType "swiss"]
[EventRounds "7"]
[EventCountry "GER"]
[SourceTitle "CBM 186 Extra"]
[Source "ChessBase"]
[SourceDate "2018.08.24"]
[SourceVersion "1"]
[SourceVersionDate "2018.08.24"]
[SourceQuality "1"]

1. Nf3 d5 2. c4 c6 3. e3 Bg4 4. Qb3 Qc7 5. Nc3 e6 6. Be2 Nd7 7. d4 Ngf6 8. 0-0 Bd6 9. h3 Bh5 10. Re1 0-0 11. Qd1 Bb4 12. Bd2 Rad8 13. Rc1 Rfe8 14. Qa4 Bxc3 15. Bxc3 dxc4 16. Qxc4 Nd5 17. b4 Nxc3 18. Qxc3 Qd6 19. Red1 Nf6 20. Rb1 Ne4 21. Qc2 Nf6 22. Qb3 Bg6 23. Rb2 h6 24. Ne5 Bh7 25. Rc1 Nd5 26. a3 f6 27. Nc4 Qd7 28. Bf3 Rc8 29. Nd2 Bg6 30. Ne4 Bf7 31. Nc5 Qc7 32. Qc2 e5 33. dxe5 Rxe5 34. Nd3 Re7 35. Qc5 Qb6 36. Bxd5 Qxc5 37. Bxf7+ 1-0

[Event "Rhein Main op-A 20th"]
[Site "Bad Homburg"]
[Date "2017.06.17"]
[Round "6"]
[White "Papadopoulos, Ioannis1111"]
[Black "Martin, Reiner"]
[Result "1/2-1/2"]
[WhiteElo "1826"]
[BlackElo "2004"]
[PlyCount "58"]
[EventDate "2017.06.14"]
[EventType "swiss"]
[EventRounds "7"]
[EventCountry "GER"]
[SourceTitle "EXT 2018"]
[Source "ChessBase"]
[SourceDate "2017.10.13"]
[SourceVersion "1"]
[SourceVersionDate "2017.10.13"]
[SourceQuality "1"]

1. e4 c5 2. Nf3 e6 3. d4 cxd4 4. Nxd4 a6 5. Nc3 Qc7 6. Be2 Nf6 7. 0-0 b5 8. Bf3 e5 9. Nf5 g6 10. Ne3 Bb7 11. Ned5 Nxd5 12. Nxd5 Bxd5 13. Qxd5 Nc6 14. Be3 Rd8 15. c3 Qd6 16. Rad1 Qxd5 17. Rxd5 Rb8 18. Bc5 Bxc5 19. Rxc5 Ke7 20. Rd1 f6 21. Rcd5 Rhd8 22. h4 Rb7 23. h5 b4 24. hxg6 hxg6 25. Be2 Rb6 26. Bc4 Nb8 27. R5d3 bxc3 28. bxc3 Rh8 29. g3 d6 1/2-1/2

[Event "Heusenstamm Sparkassen op-A 3rd"]
[Site "Heusenstamm"]
[Date "2016.11.27"]
[Round "6"]
[White "Martin, Reiner"]
[Black "Altenbernd, Dirk"]
[Result "1/2-1/2"]
[WhiteElo "2014"]
[BlackElo "1902"]
[PlyCount "168"]
[EventDate "2016.11.24"]
[EventType "swiss"]
[EventRounds "7"]
[EventCountry "GER"]
[SourceTitle "EXT 2018"]
[Source "ChessBase"]
[SourceDate "2017.10.13"]
[SourceVersion "1"]
[SourceVersionDate "2017.10.13"]
[SourceQuality "1"]

1. Nf3 g6 2. c4 Bg7 3. g3 d6 4. Bg2 c6 5. d4 e5 6. Nc3 Nd7 7. 0-0 Ngf6 8. e4 0-0 9. h3 h6 10. Be3 Re8 11. Re1 Qe7 12. d5 c5 13. Rf1 Nf8 14. Ne1 Kh7 15. Nd3 Ng8 16. Kh2 g5 17. Bf3 Bd7 18. Bg4 Ng6 19. Ne1 Rf8 20. Qc2 Bxg4 21. hxg4 Nf6 22. Qe2 Qd7 23. f3 Ne8 24. Kg2 Rh8 25. Rh1 Kg8 26. Nc2 a6 27. Bd2 Rb8 28. a4 b6 29. Ne3 Ne7 30. Ra3 a5 31. Rb3 Nc7 32. Nb5 Na6 33. Ra3 Bf6 34. Raa1 Kg7 35. Rh5 Rh7 36. Rah1 Rbh8 37. Kf2 Nc7 38. Nxc7 Qxc7 39. Qd1 Kg6 40. Qb3 Nc8 41. Ra1 Qd7 42. Nf5 Bd8 43. Ke2 Ne7 44. Ne3 Ng8 45. Nd1 Nf6 46. Rh2 Ne8 47. Nc3 h5 48. gxh5+ Rxh5 49. Rxh5 Rxh5 50. g4 Rh2+ 51. Ke3 Nf6 52. Rg1 Rh3 53. Kf2 Qe8 54. Qd1 Qh8 55. Ke2 Rh2+ 56. Kd3 Qh3 57. Ke3 Qh4 58. Qe1 Qh3 59. Qg3 Qh8 60. Nd1 Rh3 61. Qf2 Kg7 62. Ke2 Nh7 63. Ne3 Kg6 64. Nf5 Bc7 65. Qe3 Rh2+ 66. Kd3 f6 67. Ng3 Nf8 68. Nh5 Kf7 69. Qe1 Ng6 70. Qg3 Rh4 71. Qg2 Qh6 72. Kc3 Nf4 73. Bxf4 gxf4 74. Rh1 Rxh1 75. Qxh1 Kg6 76. Kd3 Bd8 77. Ke2 Be7 78. Kf2 Qg5 79. Kg2 Qh6 80. Qd1 Qf8 81. Qb3 Qe8 82. Kh3 Bd8 83. Qd1 Qd7 84. b3 Qh7 1/2-1/2

[Event "Heusenstamm Sparkassen op-A 3rd"]
[Site "Heusenstamm"]
[Date "2016.11.24"]
[Round "1"]
[White "Michalik, Peter"]
[Black "Martin, Reiner"]
[Result "1-0"]
[WhiteElo "2550"]
[BlackElo "2014"]
[PlyCount "45"]
[EventDate "2016.11.24"]
[EventType "swiss"]
[EventRounds "7"]
[EventCountry "GER"]
[SourceTitle "CBM 175 Extra"]
[Source "ChessBase"]
[SourceDate "2016.12.12"]
[SourceVersion "1"]
[SourceVersionDate "2016.12.12"]
[SourceQuality "1"]

1. e4 c5 2. Nf3 e6 3. d4 cxd4 4. Nxd4 Nc6 5. Nc3 a6 6. Nxc6 bxc6 7. Bd3 d5 8. 0-0 Nf6 9. b3 Bb4 10. Bb2 0-0 11. e5 Nd7 12. Na4 Qh4 13. c4 f6 14. exf6 Nxf6 15. Qe2 Bd6 16. g3 Qh3 17. f4 c5 18. Rae1 Ra7 19. Nb6 Re7 20. Be5 Bxe5 21. fxe5 Ng4 22. Rxf8+ Kxf8 23. Qf1+ 1-0

[Event "Rhein Main op-A 19th"]
[Site "Bad Homburg"]
[Date "2016.05.29"]
[Round "7"]
[White "Martin, Reiner"]
[Black "Rosenberger, Frank"]
[Result "0-1"]
[WhiteElo "2004"]
[BlackElo "2093"]
[PlyCount "96"]
[EventDate "2016.05.25"]
[EventType "swiss"]
[EventRounds "7"]
[EventCountry "GER"]
[SourceTitle "EXT 2017"]
[Source "ChessBase"]
[SourceDate "2016.10.25"]
[SourceVersion "1"]
[SourceVersionDate "2016.10.25"]
[SourceQuality "1"]

1. Nf3 d5 2. c4 e6 3. g3 Nf6 4. Bg2 c6 5. b3 Nbd7 6. 0-0 Bd6 7. Bb2 0-0 8. d3 e5 9. e3 Qe7 10. Nc3 Ba3 11. Bxa3 Qxa3 12. Qc2 dxc4 13. dxc4 Re8 14. Rfd1 Nc5 15. Ng5 h6 16. Nge4 Nfxe4 17. Nxe4 Bg4 18. f3 Be6 19. Rd2 Red8 20. Rad1 Rxd2 21. Rxd2 Nxe4 22. fxe4 a5 23. Qb2 Qc5 24. Kf2 a4 25. Bf1 Qb4 26. Be2 axb3 27. axb3 b5 28. Rc2 Ra3 29. cxb5 cxb5 30. Qxe5 Qxb3 31. Qc5 b4 32. h4 Qb1 33. Rd2 Qxe4 34. Bf3 Qc4 35. Qd6 Ra2 36. Be2 Rxd2 37. Qxd2 Qc5 38. Bd3 b3 39. Qb2 Qd5 40. Qc3 g6 41. Bb1 Qd1 42. Qd3 Qxd3 43. Bxd3 Kg7 44. Ke2 b2 45. Bb1 Kf6 46. Kd2 Ke5 47. h5 Bf5 48. hxg6 fxg6 0-1

[Event "Rhein Main op-A 19th"]
[Site "Bad Homburg"]
[Date "2016.05.27"]
[Round "4"]
[White "Wuertele, Stephan"]
[Black "Martin, Reiner"]
[Result "0-1"]
[WhiteElo "1870"]
[BlackElo "2004"]
[PlyCount "98"]
[EventDate "2016.05.25"]
[EventType "swiss"]
[EventRounds "7"]
[EventCountry "GER"]
[SourceTitle "EXT 2017"]
[Source "ChessBase"]
[SourceDate "2016.10.25"]
[SourceVersion "1"]
[SourceVersionDate "2016.10.25"]
[SourceQuality "1"]

1. e4 g6 2. d4 Bg7 3. g3 d6 4. Bg2 Nd7 5. Ne2 Ngf6 6. 0-0 0-0 7. h3 c5 8. c3 Rb8 9. f4 b5 10. Be3 Bb7 11. Nd2 Qc7 12. g4 e5 13. fxe5 dxe5 14. d5 Ba6 15. b4 Bc8 16. Nb3 c4 17. Na5 Ra8 18. Qd2 Ne8 19. Ng3 Nd6 20. Rf2 Nb8 21. Raf1 Bd7 22. g5 Na6 23. h4 Bg4 24. Kh2 Rae8 25. Nc6 Ra8 26. Qc2 Nb8 27. Nxb8 Qxb8 28. Bc5 Qc7 29. a4 a6 30. a5 h5 31. Qd2 Rad8 32. Bb6 Qd7 33. Bc5 Qe7 34. Qe3 Rd7 35. Rf6 Rdd8 36. Nh1 Bc8 37. R1f3 Bg4 38. Rf2 Bc8 39. Rf1 Bg4 40. Ng3 Rd7 41. Bh3 Bxh3 42. Kxh3 Rdd8 43. Kh2 Rd7 44. Nxh5 gxh5 45. Qf3 Qd8 46. Qxh5 Nxe4 47. g6 Nxf6 48. Rxf6 fxg6 49. Rxf8+ Qxf8 0-1

[Event "Wiesbaden op 26th"]
[Site "Wiesbaden"]
[Date "2014.08.31"]
[Round "6"]
[White "Martin, Reiner"]
[Black "Barpiyeva, Gulsana"]
[Result "1/2-1/2"]
[WhiteElo "1981"]
[BlackElo "2098"]
[PlyCount "73"]
[EventDate "2014.08.28"]
[EventType "swiss"]
[EventRounds "7"]
[EventCountry "GER"]
[SourceTitle "CBM 162 Extra"]
[Source "ChessBase"]
[SourceDate "2014.10.17"]
[SourceVersion "1"]
[SourceVersionDate "2014.10.17"]
[SourceQuality "1"]

1. d4 Nf6 2. c4 c5 3. d5 b5 4. cxb5 a6 5. f3 d6 6. e4 g6 7. Nc3 Bg7 8. Qb3 axb5 9. Bxb5+ Nbd7 10. Nge2 0-0 11. 0-0 Ba6 12. a4 Qc7 13. Be3 Rfb8 14. Kh1 Ne5 15. Rfd1 Nfd7 16. Qc2 Nc4 17. Bg1 Na5 18. Bxa6 Rxa6 19. Nb5 Qd8 20. Rab1 Rc8 21. Rdc1 Nb6 22. b4 Nb7 23. Nbc3 cxb4 24. Rxb4 Nc5 25. Qd1 Qd7 26. a5 Na8 27. Nd4 Rxa5 28. Nc6 Ra3 29. Bd4 Bxd4 30. Nxd4 Na6 31. Rb3 Rxb3 32. Qxb3 Nc5 33. Qd1 Nb6 34. Nc6 Ra8 35. Rb1 Nc8 36. h3 h6 37. Qd4 1/2-1/2

[Event "Wiesbaden op 26th"]
[Site "Wiesbaden"]
[Date "2014.08.28"]
[Round "1"]
[White "Raitor, Sven"]
[Black "Martin, Reiner"]
[Result "0-1"]
[WhiteElo "1493"]
[BlackElo "1981"]
[PlyCount "42"]
[EventDate "2014.08.28"]
[EventType "swiss"]
[EventRounds "7"]
[EventCountry "GER"]
[SourceTitle "CBM 162 Extra"]
[Source "ChessBase"]
[SourceDate "2014.10.17"]
[SourceVersion "1"]
[SourceVersionDate "2014.10.17"]
[SourceQuality "1"]

1. e4 c5 2. f4 Nc6 3. Nf3 g6 4. Bc4 Bg7 5. c3 e6 6. e5 d5 7. Bb5 Qb6 8. Bxc6+ bxc6 9. 0-0 Ba6 10. Re1 Bd3 11. Qb3 Qc7 12. Re3 c4 13. Qa4 Ne7 14. Nd4 0-0 15. g4 g5 16. fxg5 Bxe5 17. Nf3 Bd6 18. h4 Bc5 19. Nd4 Qf4 20. Nxc6 Qg3+ 21. Kh1 Be4+ 0-1

[Event "Rhein Main op-A 17th"]
[Site "Bad Homburg"]
[Date "2014.06.19"]
[Round "3"]
[White "Barthel, Ansgar"]
[Black "Martin, Reiner"]
[Result "1-0"]
[WhiteElo "2203"]
[BlackElo "2033"]
[PlyCount "51"]
[EventDate "2014.06.18"]
[EventType "swiss"]
[EventRounds "7"]
[EventCountry "GER"]
[SourceTitle "CBM 161 Extra"]
[Source "ChessBase"]
[SourceDate "2014.08.29"]
[SourceVersion "1"]
[SourceVersionDate "2014.08.29"]
[SourceQuality "1"]

1. e4 c5 2. Nf3 d6 3. d4 cxd4 4. Nxd4 Nf6 5. Nc3 a6 6. f4 e6 7. Qf3 Qb6 8. Nb3 Qc7 9. Be3 b5 10. Bd3 Bb7 11. a3 Nbd7 12. g4 d5 13. g5 dxe4 14. Nxe4 Nd5 15. Bd2 Rc8 16. 0-0-0 b4 17. a4 N7b6 18. f5 e5 19. f6 Nxa4 20. fxg7 Bxg7 21. Rhe1 a5 22. Qf5 Qd7 23. Bb5 Bc6 24. Nd6+ Kf8 25. Qxd7 Bxd7 26. Bxd7 1-0